Self-Determination and National Minorities (Oxford Monographs in International Law) (Record no. 614621)

MARC details
000 -LEADER
fixed length control field 00892nam a2200193 a 4500
008 - FIXED-LENGTH DATA ELEMENTS--GENERAL INFORMATION
fixed length control field 260220s2026##################000#0#eng##
020 ## - INTERNATIONAL STANDARD BOOK NUMBER
ISBN 9780198298984
Paper back/Hardbound pbk
041 ## - LANGUAGE CODE
Language code of text/sound track or separate title eng
082 04 - DEWEY DECIMAL CLASSIFICATION NUMBER
Classification number 320.15
Item number MUS
100 ## - MAIN ENTRY--AUTHOR NAME
Personal name Musgrave
245 10 - TITLE STATEMENT
Title Self-Determination and National Minorities (Oxford Monographs in International Law)
Statement of responsibility, etc / Thomas D. Musgrave
260 ## - PUBLICATION, DISTRIBUTION, ETC. (IMPRINT)
Name of publisher Oxford Univ Pr on Demand
Year of publication 2000.
300 ## - PHYSICAL DESCRIPTION
Number of Pages 338p,;
Dimensions 20 cm.
504 ## - BIBLIOGRAPHY, ETC. NOTE
Bibliography, etc Includes index
520 ## - SUMMARY, ETC.
Summary, etc This meticulously researched book explores the relationship between self-determination and minority rights in international law. Highly detailed in its treatment of the subject, this volume looks at recent events, such as the atrocities in the former Yugoslavia, and provides the reader with significant clarification of the legal issues involved.
650 ## - SUBJECT ADDED ENTRY--TOPICAL TERM
Topical Term political science
942 ## - ADDED ENTRY ELEMENTS (KOHA)
Koha item type English Books
Holdings
Withdrawn status Lost status Damaged status Not for loan Home library Current library Shelving location Date acquired Full call number Accession Number Price effective from Koha item type
        Anna Centenary Library Anna Centenary Library 3RD FLOOR, B WING 20.02.2026 320.15 MUS 141543 20.02.2026 English Books

Find us on the map